000 00605nam a2200145Ia 4500
005 20260209120146.0
008 260209s9999||||xx |||||||||||||| ||und||
100 _aPradeep Singh
245 0 _aCross-border insolvency in India : a case for adopting the UNCITRAL model law in India
260 _aBangaloreBangalore
_bNLSIU, Bangalore
_c2022
300 _a56 p. ; 25 cm.
505 _aCross Border Insolvency - India Insolvency Laws - India UNCITRAL Model - India
700 _aMr. Govindraj G. Hegde - SupervisorMr. Govindraj G. Hegde - Supervisor
856 _uhttps://dans.nls.ac.in/handle/123456789/1155
999 _c217553
_d217553